Diseño eléctrico en baja tensión de hotel con seguimiento en Microsoft Project
Presenta una recopilación de las bases conceptuales y de cálculo para el diseño eléctrico en baja tensión e ilustra con un caso los pasos a seguir de una obra eléctrica, utilizando Microsoft Project, con el fin de orientar al estudiante proyectista a implementar el uso del software en elaborac...
| Main Authors: | , |
|---|---|
| Other Authors: | |
| Format: | Tesis Section = Libro |
| Language: | Undetermined Spanish |
| Published: |
Managua
UNI
2017
|
| Subjects: |
| LEADER | 01164nam a2200265Ia 4500 | ||
|---|---|---|---|
| 008 | 240830s9999 xx 000 0 und d | ||
| 040 | |a BIBLIOTECA-RUSB/ Mon 621.31 H557 | ||
| 041 | |a spa | ||
| 082 | |a Mon 621.31 H557 | ||
| 100 | 1 | |a Hernández G., Gripdia Massieth | |
| 100 | 1 | |b Sánchez S., Kener Rafael | |
| 245 | 1 | 0 | |a Diseño eléctrico en baja tensión de hotel con seguimiento en Microsoft Project |
| 260 | |a Managua |b UNI |c 2017 | ||
| 300 | |a 92 p. :il. | ||
| 500 | |a Contiene: anexos. | ||
| 502 | |a Tesis (Ingeniero Eléctrico) - UNI, 2017. | ||
| 520 | 3 | |a Presenta una recopilación de las bases conceptuales y de cálculo para el diseño eléctrico en baja tensión e ilustra con un caso los pasos a seguir de una obra eléctrica, utilizando Microsoft Project, con el fin de orientar al estudiante proyectista a implementar el uso del software en elaboraciones de proyectos. | |
| 650 | 7 | |a DISEÑO ELÉCTRICO | |
| 650 | 7 | |b SUMINISTRO ENERGÉTICO | |
| 650 | 7 | |c INSTALACIONES ELÉCTRICAS | |
| 650 | 7 | |d CONDUCTORES ELÉCTRICOS | |
| 700 | 1 | |a Tutor: |b Palacios Rodríguez, Augusto César | |
| 942 | |c BK |2 ddc | ||
| 991 | |a TESIS | ||
| 999 | |c 20093 | ||